00878njm a22002297a 450000500170000000800410001704100080005810000370006624500190010326000150012226000170013726000090015430000130016330000180017650502530019465000220044765000270046965000360049694200070053299900170053995200920055620220720143118.0190128b xxu||||| |||| 00| 0 spa d aspa aSonámbulo Psicotropical952058 aA puro peluche aCosta Rica bPapaya Music c2009 a1 CD-ROM a70:56 minutos a1. A puro peluche. 2. Juana. 3. Agua. 4. No hay mal. 5. Jabalí montuno (Intro). 6. Jabalí montuno (Jabalí). 7. Jabalí montuno (Chivo). 8. Bolero carabali. 9. Animal. 10. El zopilote. 11. Zona roja. 12. Chusma funk. 13. 1807 amor de cafetal. aCOSTA RICA964094 aMÚSICA POPULAR97685 aMÚSICA LATINOAMERICANA952060 cMU c11608d11608 00104070aBACBbBACBd2019-01-28l0o44 DCp44DCr2019-01-28 00:00:00w2019-01-28yMU